Logo Biblioteca

Historia 4 : (Registro nro. 189)

Detalles MARC
000 -LEADER
fixed length control field 01377nam a22002177a 4500
003 - CONTROL NUMBER IDENTIFIER
control field OSt
005 - DATE AND TIME OF LATEST TRANSACTION
control field 20250728161820.0
008 - FIXED-LENGTH DATA ELEMENTS--GENERAL INFORMATION
fixed length control field 240208s1993 ag ||||| |||| 00| 0 spa d
020 ## - INTERNATIONAL STANDARD BOOK NUMBER
International Standard Book Number 9505341571
040 ## - CATALOGING SOURCE
Transcribing agency besoc
100 1# - MAIN ENTRY--PERSONAL NAME
Personal name Bustinza, Juan Antonio
Relator term autor
245 10 - TITLE STATEMENT
Title Historia 4 :
Remainder of title Instituciones americanas: Prehispánicas y coloniales : Sociedad y economía /
Statement of responsibility, etc. Juan Antonio Bustinza ; con la colaboración de Patricia Bustinza
250 ## - EDITION STATEMENT
Edition statement 3a ed.
260 ## - PUBLICATION, DISTRIBUTION, ETC.
Place of publication, distribution, etc. Buenos Aires :
Name of publisher, distributor, etc. A-Z editora,
Date of publication, distribution, etc. 1993
300 ## - PHYSICAL DESCRIPTION
Extent 260 p.
490 0# - SERIES STATEMENT
Series statement Serie Plata
505 0# - FORMATTED CONTENTS NOTE
Formatted contents note 1. América Indígena: Poblamiento Americano -- Área cultural mesoamericana -- Área cultural andina -- 2. Una aventura llamada América -- La mirada puesta en el Atlántico -- Choque de culturas -- 3. El imperio Hispánico en Indias -- Instituciones de gobierno -- Evangelización -- 4. Economía política en el nuevo mundo -- El producto de la tierra -- El comercio bajo los Habsburgo -- Las reformas borbónicas -- 5. Sociedad y cultura hispanoamericana -- La cultura de la conquista -- 6. El fin de la dominación Española -- El Imperio Hispánico se desmorona -- 7. América Portuguesa y Británica -- Colonización del Brasil -- Colonización de América del Norte.
650 #4 - SUBJECT ADDED ENTRY--TOPICAL TERM
Topical term or geographic name entry element Prehistoria
Geographic subdivision América
-- España
-- Colonización
700 1# - ADDED ENTRY--PERSONAL NAME
Personal name Bustinza, Patricia
Relator term colaborador
942 ## - ADDED ENTRY ELEMENTS (KOHA)
Source of classification or shelving scheme Universal Decimal Classification
Koha item type Libro de préstamo a domicilio
Suppress in OPAC No
Existencias
Withdrawn status Lost status Source of classification or shelving scheme Damaged status Not for loan Collection Home library Current library Date acquired Total checkouts Full call number Barcode Date last seen Copy number Price effective from Koha item type
    Universal Decimal Classification     Colección General Biblioteca Escuela de Ciencias Sociales Biblioteca Escuela de Ciencias Sociales 19/02/2024   94(7+8) B982 000890 19/02/2024 2 19/02/2024 Libro de préstamo a domicilio
    Universal Decimal Classification     Colección General Biblioteca Escuela de Ciencias Sociales Biblioteca Escuela de Ciencias Sociales 28/07/2025   94(7+8) B980 000596 28/07/2025 1 28/07/2025 Libro de préstamo a domicilio
Biblioteca de la Escuela Preuniversitaria en Ciencias Sociales y Humanísticas.
Riobamba 250 bis.
CP 2000 - Rosario - Santa Fe
E-Mail: biblioteca@esociales.unr.edu.ar